01121nam a22002897a 4500001000500000005001700005020001800022040002900040050001500069082001200084100002000096245007300116250003100189260003800220300002700258490001900285505000800304520010100312521002000413521002000433650003700453650003700490942001500527999001500542952014500557952012900702105720240927134253.0 a9780439738576 aFISKHbengcFISKHdFISKH aPZ7.B78973 a823.92  aBrooke, Lauren  aPlaying for Keeps /cby Lauren Brooke author of the Heartland series aFirst Printing, May 2006.  aNew York : bScholastic, c2006.  a204 pages : c20 cm .  aChestnut Hill  aW  aLani must convince her parents not to have her transferred from Chestnut Hill to another school. a880 bLexile  aW bRaz-Plus  aanimalsvhorsesxAnimals Horses  ahorsesvanimalsxAnimals Horses  2ddccBKn0 c1057d1057 00102ddc40708JUVFa001b001cATKSFd2023-07-19l1oBRO 823.92 PZ7.B78973pFISTK00013r2024-10-31 14:55:13s2024-10-31t1w2023-07-19yBK 00102ddc40708JUVFa001b001cSBSd2023-07-19l0oBRO 823.92 PZ7.B78973pFIS02884r2024-09-27 13:43:38t2w2023-07-19yBK